| 000 | 00726nam a22002297a 4500 | ||
|---|---|---|---|
| 003 | 0 | ||
| 005 | 20250506125316.0 | ||
| 008 | 250506b xxu||||| |||| 00| 0 eng d | ||
| 020 | _a9789719655275 | ||
| 050 |
_aHF 5381 _b.M188 2023 |
||
| 100 | _aMagalona, Ethel | ||
| 245 |
_aProfessional development: _ba guide to career success _cEthel Magalona and two others. |
||
| 260 |
_aManila _bMindshapers Co. Inc. _cc2023 |
||
| 300 |
_aviii, 192 pages ; _c26cm. |
||
| 504 | _aIncludes bibliographical references. | ||
| 650 | _aCareer development. | ||
| 650 | _aVocational guidance. | ||
| 650 | _aProfessional education--Philippines. | ||
| 700 |
_aArlos, Aisa _eauthor |
||
| 700 | _aCruz, Regina Elline | ||
| 942 |
_2lcc _cBK |
||
| 999 |
_c367450 _d367450 |
||